[Event "February TNT"]
[Site "Winnipeg CAN"]
[Date "2016.02.09"]
[Round "2.4"]
[White "Bonness, Will"]
[Black "Rutter, Blair"]
[Result "0-1"]
[WhiteElo "1697"]
[BlackElo "1940"]
[PlyCount "136"]
[EventDate "2016.02.02"]
[EventType "swiss"]
[EventRounds "4"]
[EventCountry "CAN"]

1. e4 e6 2. d4 d5 3. Nc3 Nf6 4. Bg5 Be7 5. e5 Nfd7 6. Bxe7 Qxe7 7. Bd3 a6 8.
Nge2 c5 9. dxc5 Nxe5 10. Na4 Nbd7 11. O-O Nxc5 12. Nb6 Rb8 13. Ng3 Qd6 14. Nxc8
Rxc8 15. Be2 O-O 16. f4 Ng6 17. f5 exf5 18. Nxf5 Qe5 19. Ng3 Rce8 20. Kh1 f5
21. Bf3 Ne4 22. Bh5 Nxg3+ 23. hxg3 Rd8 24. Rf3 Ne7 25. Rb3 f4 26. gxf4 Rxf4 27.
Bf3 Rh4+ 28. Kg1 Nf5 29. Rd3 Qh2+ 30. Kf2 d4 31. Qg1 Qg3+ 32. Ke2 Re8+ 33. Kd1
Ne3+ 34. Kc1 Qf4 35. Kb1 Nc4 36. g3 Qg5 37. b3 Ne3 38. Kb2 a5 39. a4 Qc5 40.
Qf2 Rh6 41. Rc1 Rb6 42. Ka2 Rf6 43. Qd2 Rd6 44. c4 b6 45. Rh1 Qe5 46. Rh5 Qf6
47. Bd5+ Nxd5 48. Rxd5 Rde6 49. R3xd4 Re2 50. Qxe2 Rxe2+ 51. Ka3 Qe7+ 52. Rd6
Re6 53. c5 h6 54. Rxe6 Qxe6 55. cxb6 Qxb6 56. Rc4 Qd6+ 57. Kb2 Qd2+ 58. Rc2
Qd4+ 59. Rc3 g5 60. Kc2 Qf2+ 61. Kd3 Qxg3+ 62. Kc4 Qh2 63. Kc5 g4 64. Rc4 g3
65. Kb6 g2 66. Rc8+ Kf7 67. Rc7+ Kf6 68. Rc6+ Kg5 0-1

[Event "February TNT"]
[Site "Winnipeg CAN"]
[Date "2016.02.09"]
[Round "2.4"]
[White "Clark, Jeff"]
[Black "Green, Jim"]
[Result "0-1"]
[WhiteElo "2036"]
[BlackElo "1855"]
[PlyCount "57"]
[EventDate "2016.02.02"]
[EventType "swiss"]
[EventRounds "4"]
[EventCountry "CAN"]

1. e4 e5 2. Nf3 Nf6 3. Nxe5 d6 4. Nf3 Nxe4 5. d4 d5 6. Bd3 Be7 7. O-O O-O 8.
Re1 Bf5 9. Nbd2 Nd6 10. Nf1 Bxd3 11. Qxd3 Nd7 12. Bf4 Nf6 13. Re2 Re8 14. Rae1
c6 15. Ng3 h6 16. Bxd6 Bxd6 17. Ne5 c5 18. dxc5 Bxc5 19. Nf5 Ne4 20. Rxe4 dxe4
21. Qg3 Qf6 22. Ng4 Qg6 23. Qf4 Re6 24. Rd1 e3 25. fxe3 Rae8 26. Rd7 Kh7 27. h4
Re4 28. h5 Qxh5 29. Qxh6+ 0-1

[Event "February TNT"]
[Site "Winnipeg CAN"]
[Date "2016.02.09"]
[Round "2.4"]
[White "Le Dorze, Phil"]
[Black "Letain, Cory"]
[Result "1/2-1/2"]
[WhiteElo "1849"]
[BlackElo "1583"]
[PlyCount "60"]
[EventDate "2016.02.02"]
[EventType "swiss"]
[EventRounds "4"]
[EventCountry "CAN"]

1. d4 Nf6 2. c4 c5 3. Nf3 cxd4 4. Nxd4 Nc6 5. g3 e6 6. a3 a5 7. Bg2 Bc5 8. e3
O-O 9. O-O d5 10. Nc3 Bxd4 11. exd4 dxc4 12. Nb5 Qb6 13. a4 Nb4 14. Be3 Nfd5
15. Be4 Nxe3 16. fxe3 e5 17. Qh5 f5 18. Qf3 exd4 19. Nxd4 f4 20. gxf4 Nd3 21.
Bd5+ Kh8 22. Bxc4 Nxf4 23. Kh1 Bd7 24. Bb5 Bxb5 25. axb5 Ng6 26. Qd5 Rxf1+ 27.
Rxf1 Rf8 28. Rxf8+ Nxf8 29. Qf7 Qf6 30. Qxf6 gxf6 1/2-1/2

[Event "February TNT"]
[Site "Winnipeg CAN"]
[Date "2016.02.09"]
[Round "2.4"]
[White "Magyar, Peter"]
[Black "Einarsson, Ken"]
[Result "0-1"]
[WhiteElo "1530"]
[BlackElo "1749"]
[PlyCount "74"]
[EventDate "2016.02.02"]
[EventType "swiss"]
[EventRounds "4"]
[EventCountry "CAN"]

1. d4 d5 2. Nf3 e6 3. Bf4 c5 4. e3 Nc6 5. c3 Nf6 6. h3 Qb6 7. Qc2 cxd4 8. exd4
Be7 9. Bd3 h6 10. Nbd2 Bd7 11. Qb3 Qxb3 12. Nxb3 b6 13. Nbd2 O-O 14. O-O Rfe8
15. Rfe1 Bf8 16. a3 Na5 17. Rac1 b5 18. b4 Nc4 19. Bxc4 bxc4 20. Bc7 Rec8 21.
Be5 Ne8 22. Nf1 a5 23. Ra1 axb4 24. axb4 Nd6 25. Ne3 Nb5 26. Rxa8 Rxa8 27. Nd1
Ra3 28. Re3 f6 29. Bg3 g5 30. Nd2 Ra1 31. Kf1 Rxd1+ 32. Ke2 Rc1 33. Nf3 Rxc3
34. Nh2 Nxd4+ 35. Kd2 Rc2+ 36. Kd1 Bxb4 37. f4 Ba4 0-1

[Event "February TNT"]
[Site "Winnipeg CAN"]
[Date "2016.02.09"]
[Round "2.4"]
[White "Skop, Mike"]
[Black "Bince, Rolando"]
[Result "0-1"]
[WhiteElo "1567"]
[BlackElo "2024"]
[PlyCount "78"]
[EventDate "2016.02.02"]
[EventType "swiss"]
[EventRounds "4"]
[EventCountry "CAN"]

1. e4 Nf6 2. Nc3 d5 3. e5 d4 4. exf6 dxc3 5. fxg7 cxd2+ 6. Qxd2 Qxd2+ 7. Bxd2
Bxg7 8. c3 Nc6 9. Bd3 Be6 10. Nf3 O-O-O 11. Be4 Bd5 12. Bxd5 Rxd5 13. O-O Rhd8
14. Be3 h6 15. Rac1 a6 16. Rc2 e6 17. b4 Rd3 18. Nd4 Bxd4 19. cxd4 Nxd4 20. Rb2
h5 21. Bxd4 R8xd4 22. b5 a5 23. f3 Kd7 24. Re1 Kd6 25. Kf2 f5 26. h3 h4 27. g4
fxg4 28. hxg4 Rd2+ 29. Re2 Rxb2 30. Rxb2 Rb4 31. Rxb4 axb4 32. f4 c5 33. bxc6
bxc6 34. g5 c5 35. Kf3 c4 36. Kg4 c3 37. Kxh4 c2 38. g6 c1=Q 39. Kg5 Ke7 0-1

[Event "February TNT"]
[Site "Winnipeg CAN"]
[Date "2016.02.09"]
[Round "2.4"]
[White "Valentino, Marcos"]
[Black "Russo, Max"]
[Result "1-0"]
[WhiteElo "2192"]
[BlackElo "1479"]
[PlyCount "36"]
[EventDate "2016.02.02"]
[EventType "swiss"]
[EventRounds "4"]
[EventCountry "CAN"]

1. d4 d5 2. c4 c6 3. Nc3 Bf5 4. cxd5 cxd5 5. Qb3 e6 6. Qxb7 Nd7 7. e4 dxe4 8.
Bb5 Ngf6 9. Bg5 Rb8 10. Qxa7 Rxb5 11. Nxb5 Be7 12. Bxf6 gxf6 13. Ne2 O-O 14.
O-O Bg6 15. Rac1 Re8 16. Rc7 Nf8 17. Rfc1 Qd5 18. Nec3 Qg5 1-0

[Event "February TNT"]
[Site "Winnipeg CAN"]
[Date "2016.02.09"]
[Round "2.4"]
[White "Wolchock, Theo"]
[Black "Wiebe, Isaac"]
[Result "0-1"]
[WhiteElo "1952"]
[BlackElo "2220"]
[PlyCount "72"]
[EventDate "2016.02.02"]
[EventType "swiss"]
[EventRounds "4"]
[EventCountry "CAN"]

1. c4 g6 2. g3 Bg7 3. Bg2 Nf6 4. Nc3 O-O 5. Nf3 c6 6. O-O d5 7. d4 dxc4 8. e3
b5 9. Ne5 Qb6 10. a4 Bb7 11. Qf3 a6 12. Rd1 Nfd7 13. Nxd7 Nxd7 14. Qe2 Rad8 15.
Ne4 a5 16. Bd2 Ra8 17. Qe1 b4 18. Rac1 Ba6 19. Bf1 e5 20. Bxc4 exd4 21. Bxa6
Rxa6 22. exd4 Re8 23. Qe2 Bxd4 24. Qf3 Bg7 25. Be3 Ne5 26. Qe2 c5 27. Rd6 Qb7
28. Rxa6 Qxe4 29. Qc2 Nf3+ 30. Kf1 Nxh2+ 31. Kg1 Nf3+ 32. Kf1 Qb7 33. Rd6 Nd4
34. Rxd4 cxd4 35. Kg1 dxe3 36. fxe3 Qf3 0-1

[Event "February TNT"]
[Site "Winnipeg CAN"]
[Date "2016.02.16"]
[Round "3.4"]
[White "Bince, Rolando"]
[Black "Atem, James"]
[Result "1-0"]
[WhiteElo "2024"]
[BlackElo "1843"]
[PlyCount "119"]
[EventDate "2016.02.02"]
[EventType "swiss"]
[EventRounds "4"]
[EventCountry "CAN"]

1. d4 d5 2. c4 e6 3. Nc3 c6 4. e3 Nf6 5. Nf3 Bb4 6. Qb3 a5 7. a3 Bd6 8. cxd5
exd5 9. h3 O-O 10. Bd3 b5 11. O-O a4 12. Qc2 g6 13. e4 dxe4 14. Nxe4 Nxe4 15.
Bxe4 Bd7 16. Bh6 Re8 17. Rac1 Ra6 18. Rfe1 Be6 19. Qd3 Bf8 20. Bxf8 Rxf8 21.
Qe3 Qf6 22. Rc5 Bc4 23. Ne5 Bb3 24. Rec1 Re8 25. Qg3 h5 26. Bf3 Kh7 27. h4 Rd8
28. Bxc6 Nxc6 29. Nxc6 Rxc6 30. Rxc6 Qxd4 31. R6c3 Qd2 32. Qg5 Qxg5 33. hxg5
Rd7 34. Rc5 Rd4 35. Ra1 Bc4 36. g3 Kg7 37. Kg2 Rd2 38. Kf3 Be2+ 39. Ke3 Rxb2
40. Rac1 Bc4 41. Rc3 Be6 42. f3 Bc4 43. Kf4 Rb3 44. Re3 Rb1 45. Ke5 Rg1 46. f4
Rh1 47. Kd4 Rd1+ 48. Ke4 Rb1 49. Rc3 Be6 50. Kd4 b4 51. axb4 Rxb4+ 52. Ke5 Bb3
53. Ra5 Rb6 54. Re3 Re6+ 55. Kd4 Rd6+ 56. Kc5 Rd5+ 57. Kb4 Rd4+ 58. Ka3 h4 59.
gxh4 Rxf4 60. Rh3 1-0

[Event "February TNT"]
[Site "Winnipeg CAN"]
[Date "2016.02.16"]
[Round "3.4"]
[White "Bonness, Will"]
[Black "Wolchock, Theo"]
[Result "1/2-1/2"]
[WhiteElo "1697"]
[BlackElo "1948"]
[PlyCount "64"]
[EventDate "2016.02.02"]
[EventType "swiss"]
[EventRounds "4"]
[EventCountry "CAN"]

1. e4 e5 2. Nf3 d6 3. d4 exd4 4. Nxd4 Nf6 5. Nc3 Be7 6. Be3 O-O 7. Qd2 c5 8.
Nde2 Nc6 9. f3 a6 10. O-O-O Qa5 11. Nf4 Rd8 12. Kb1 b5 13. Ncd5 Qxd2 14. Rxd2
Nxd5 15. Nxd5 Be6 16. Nxe7+ Nxe7 17. Be2 Rd7 18. Rhd1 Rad8 19. f4 f5 20. e5
dxe5 21. Rxd7 Rxd7 22. Rxd7 Bxd7 23. Bxc5 Ng6 24. fxe5 Nxe5 25. Bd6 Nf7 26. Bc7
Bc6 27. g3 Ng5 28. c4 Nf3 29. Bxf3 Bxf3 30. c5 Kf7 31. Kc2 Ke6 32. Kd3 Bc6
1/2-1/2

[Event "February TNT"]
[Site "Winnipeg CAN"]
[Date "2016.02.16"]
[Round "3.4"]
[White "Green, Jim"]
[Black "Valentino, Marcos"]
[Result "0-1"]
[WhiteElo "1855"]
[BlackElo "2192"]
[PlyCount "132"]
[EventDate "2016.02.02"]
[EventType "swiss"]
[EventRounds "4"]
[EventCountry "CAN"]

1. e4 c6 2. d4 d5 3. e5 c5 4. Bb5+ Nc6 5. Bxc6+ bxc6 6. c3 e6 7. Nf3 Ba6 8. Na3
cxd4 9. Nxd4 Qb6 10. Qa4 Rc8 11. Nac2 Nh6 12. h3 Bb5 13. Nxb5 cxb5 14. Qf4 Nf5
15. Ne3 Nxe3 16. Bxe3 Bc5 17. Bxc5 Rxc5 18. O-O Rc4 19. Qg3 O-O 20. a3 a5 21.
Rfe1 Rfc8 22. Qe3 Qc7 23. Qd2 Qc5 24. Qe3 Re4 25. Qxc5 Rxc5 26. Kf1 Kf8 27. f3
Rxe1+ 28. Kxe1 f6 29. exf6 gxf6 30. Kd2 Ke7 31. b4 Rc4 32. bxa5 Ra4 33. a6 Rxa6
34. g3 Kd6 35. Kd3 Kc5 36. g4 Ra4 37. h4 e5 38. Ra2 Rf4 39. Ke3 Rc4 40. Kd3 f5
41. gxf5 Rxh4 42. f6 Rf4 43. Ke3 Rxf6 44. a4 Ra6 45. a5 Kc4 46. Ra3 d4+ 47.
cxd4 exd4+ 48. Kd2 b4 49. Ra1 h5 50. f4 d3 51. Rc1+ Kb5 52. Kxd3 Rxa5 53. f5
Ra8 54. Rh1 Rh8 55. f6 h4 56. f7 Rf8 57. Rxh4 Rxf7 58. Rh8 Rc7 59. Rb8+ Ka4 60.
Ra8+ Kb3 61. Rb8 Ka3 62. Ra8+ Kb2 63. Rb8 b3 64. Rb6 Ka2 65. Ra6+ Kb1 66. Rb6
b2 0-1

[Event "February TNT"]
[Site "Winnipeg CAN"]
[Date "2016.02.16"]
[Round "3.4"]
[White "Leaden, Bruce"]
[Black "Le Dorze, Phil"]
[Result "0-1"]
[WhiteElo "1545"]
[BlackElo "1849"]
[PlyCount "132"]
[EventDate "2016.02.02"]
[EventType "swiss"]
[EventRounds "4"]
[EventCountry "CAN"]

1. e4 e5 2. Nf3 d6 3. Nc3 Nf6 4. Be2 g6 5. d3 Bg7 6. Bg5 O-O 7. Qd2 Kh8 8.
O-O-O Nbd7 9. Rdg1 c6 10. h3 b5 11. d4 b4 12. Na4 Qa5 13. b3 Nxe4 14. Qe3 Nxg5
15. Qxg5 f6 16. Qd2 Nb6 17. Nxb6 axb6 18. a4 bxa3 19. Qxa5 Rxa5 20. Kb1 a2+ 21.
Ka1 exd4 22. Bd3 c5 23. Nd2 d5 24. Kb2 Be6 25. Ra1 Rfa8 26. Rhe1 Bg8 27. Re7 f5
28. Rxg7 Kxg7 29. f4 b5 30. b4 c4 31. bxa5 c3+ 32. Kc1 cxd2+ 33. Kxd2 Rxa5 34.
Kc1 Be6 35. Kb2 Bd7 36. Rxa2 Rxa2+ 37. Kxa2 Kf6 38. Ka3 g5 39. g3 gxf4 40. gxf4
Kg6 41. Be2 Kf6 42. Kb4 Ke7 43. Kc5 Ke6 44. Bd3 Be8 45. Kxd4 Kd6 46. Bxf5 h6
47. Bd3 b4 48. f5 Bd7 49. h4 Be8 50. Be2 Bf7 51. Bb5 Bh5 52. Bf1 Bf3 53. Bh3
Be4 54. f6 Bxc2 55. f7 Ke7 56. Be6 Be4 57. f8=Q+ Kxf8 58. Bd7 Ke7 59. Ba4 Kf6
60. Bd1 Kf5 61. h5 Kf4 62. Kc5 Bf3 63. Bb3 Kg5 64. Kxb4 Kxh5 65. Kc3 Kh4 66.
Kd2 Kg3 0-1

[Event "February TNT"]
[Site "Winnipeg CAN"]
[Date "2016.02.16"]
[Round "3.4"]
[White "Russo, Max"]
[Black "Letain, Cory"]
[Result "0-1"]
[WhiteElo "1479"]
[BlackElo "1583"]
[PlyCount "102"]
[EventDate "2016.02.02"]
[EventType "swiss"]
[EventRounds "4"]
[EventCountry "CAN"]

1. d4 Nf6 2. Nf3 d6 3. e3 Bg4 4. Be2 Nbd7 5. O-O g6 6. b3 Bg7 7. Bb2 O-O 8.
Nbd2 Re8 9. Ng5 Bxe2 10. Qxe2 e5 11. dxe5 Nxe5 12. Nge4 Nxe4 13. Nxe4 Nf3+ 14.
Qxf3 Bxb2 15. c3 f5 16. Ng3 Bxa1 17. Rxa1 c6 18. Rd1 Qc7 19. Rd4 d5 20. h3 Qa5
21. Nxf5 Rf8 22. Ne7+ Kg7 23. Qg3 Rf6 24. Qe5 Raf8 25. Rh4 Qxa2 26. g4 Qxf2+
27. Kh1 Qxh4 28. g5 Qxh3+ 29. Kg1 Qf1+ 30. Kh2 Qf2+ 31. Kh1 Qh4+ 32. Kg1 Qxg5+
33. Qxg5 Rf1+ 34. Kh2 R8f2+ 35. Kg3 Rg1+ 36. Kxf2 Rxg5 37. Nc8 h5 38. Nd6 h4
39. e4 h3 40. exd5 cxd5 41. c4 h2 42. cxd5 h1=Q 43. Nxb7 Rf5+ 44. Ke3 Qe1+ 45.
Kd4 Qb4+ 46. Kd3 Qxb7 47. d6 Qd5+ 48. Kc2 Qxd6 49. Kb2 Rf3 50. b4 Qd2+ 51. Kb1
Rf1# 0-1

[Event "February TNT"]
[Site "Winnipeg CAN"]
[Date "2016.02.16"]
[Round "3.4"]
[White "Wiebe, Isaac"]
[Black "Rutter, Blair"]
[Result "1/2-1/2"]
[WhiteElo "2220"]
[BlackElo "1940"]
[PlyCount "122"]
[EventDate "2016.02.02"]
[EventType "swiss"]
[EventRounds "4"]
[EventCountry "CAN"]

1. d4 d5 2. c4 c6 3. Nf3 Nf6 4. Nc3 e6 5. cxd5 exd5 6. Bg5 Be7 7. Qd2 Bg4 8.
Ne5 Bh5 9. e3 Nbd7 10. Nxd7 Qxd7 11. h3 Qe6 12. Bd3 Bb4 13. O-O Bg6 14. Bxg6
hxg6 15. Bxf6 gxf6 16. e4 Bxc3 17. exd5 Qxd5 18. bxc3 Kf8 19. Rfe1 Kg7 20. Rab1
b6 21. Re7 Rhe8 22. Rbe1 Rxe7 23. Rxe7 Qd6 24. Qe2 a5 25. Rb7 b5 26. Qe4 Rc8
27. Qe7 Qd5 28. Qd7 Rd8 29. Qxd5 Rxd5 30. Rc7 Rd6 31. Ra7 a4 32. Rb7 f5 33. Kf1
Kf6 34. Ke2 Ke6 35. Kd3 f6 36. c4 bxc4+ 37. Kxc4 Rd5 38. g3 g5 39. Rb6 Kd6 40.
f4 Ra5 41. a3 Kc7 42. Rb2 Ra8 43. Rf2 Ra5 44. h4 gxh4 45. gxh4 Kd6 46. h5 Ra7
47. h6 Rh7 48. Rh2 Kd7 49. Kc5 Kc7 50. d5 cxd5 51. Kxd5 Kd7 52. Rh3 Ke7 53. Kc6
Ke6 54. Kb5 Kd5 55. Kxa4 Ke4 56. Kb5 Kxf4 57. a4 Kg4 58. Rh1 f4 59. a5 f3 60.
a6 f2 61. Kb6 Rxh6 1/2-1/2

[Event "February TNT"]
[Site "Winnipeg CAN"]
[Date "2016.02.23"]
[Round "4.4"]
[White "Leaden, Bruce"]
[Black "Magyar, Peter"]
[Result "1-0"]
[WhiteElo "1567"]
[BlackElo "1530"]
[PlyCount "69"]
[EventDate "2016.02.02"]
[EventType "swiss"]
[EventRounds "4"]
[EventCountry "CAN"]

1. e4 e6 2. d4 d5 3. e5 c5 4. c3 Nc6 5. Nf3 cxd4 6. cxd4 Qa5+ 7. Bd2 Bb4 8.
Bxb4 Qxb4+ 9. Qd2 Qxd2+ 10. Nbxd2 Nh6 11. Rc1 Nf5 12. Nb3 O-O 13. Be2 f6 14.
Bb5 Nce7 15. O-O b6 16. Rc7 h6 17. g4 a6 18. Bd3 fxe5 19. gxf5 e4 20. Rxe7 exd3
21. Ne5 Rxf5 22. Rc1 a5 23. Rcc7 Rg5+ 24. Kf1 d2 25. Nxd2 Ba6+ 26. Ke1 Rg1+ 27.
Nf1 Rxf1+ 28. Kd2 Rxf2+ 29. Kc3 Rg2 30. Nd7 Rxh2 31. Nf6+ Kh8 32. Rxg7 Rh3+ 33.
Kd2 Bd3 34. Rh7+ Bxh7 35. Rxh7# 1-0

[Event "February TNT"]
[Site "Winnipeg CAN"]
[Date "2016.02.23"]
[Round "4.4"]
[White "Letain, Cory"]
[Black "Atem, James"]
[Result "1/2-1/2"]
[WhiteElo "1614"]
[BlackElo "1843"]
[PlyCount "68"]
[EventDate "2016.02.02"]
[EventType "swiss"]
[EventRounds "4"]
[EventCountry "CAN"]

1. d4 d5 2. c4 e6 3. Nf3 c6 4. cxd5 cxd5 5. Bf4 Nc6 6. Qa4 Bd7 7. Nc3 Ne5 8.
Qb3 Nxf3+ 9. gxf3 b6 10. e3 Rc8 11. Ba6 Nf6 12. Bxc8 Qxc8 13. O-O Nh5 14. Be5
f6 15. Bg3 Nxg3 16. fxg3 Qa6 17. a4 Qd3 18. Kf2 Qd2+ 19. Ne2 Bd6 20. Rfd1 Qa5
21. Nc3 O-O 22. Nb5 Bb8 23. Qc3 Qa6 24. Qb4 Qb7 25. Rdc1 Qa6 26. Qe7 Bxb5 27.
Qxe6+ Kh8 28. axb5 Qxb5 29. Rc2 h5 30. Rac1 Kh7 31. Qc6 Qb3 32. Qc3 Qb5 33. Qc6
Qb3 34. Qc3 Qb5 1/2-1/2

[Event "February TNT"]
[Site "Winnipeg CAN"]
[Date "2016.02.23"]
[Round "4.4"]
[White "Rutter, Blair"]
[Black "Bince, Rolando"]
[Result "0-1"]
[WhiteElo "1940"]
[BlackElo "2024"]
[PlyCount "128"]
[EventDate "2016.02.02"]
[EventType "swiss"]
[EventRounds "4"]
[EventCountry "CAN"]

1. c4 Nf6 2. g3 e5 3. Bg2 Nc6 4. e4 a5 5. Nc3 Bc5 6. Nge2 Nd4 7. O-O d6 8. h3
O-O 9. Kh2 c6 10. d3 Ne6 11. f4 h6 12. f5 Nd4 13. g4 Nh7 14. Nxd4 Bxd4 15. Ne2
Bc5 16. Qe1 b5 17. b3 Qb6 18. Qg3 f6 19. h4 Kf7 20. g5 hxg5 21. hxg5 fxg5 22.
Bxg5 Nxg5 23. Qxg5 Rh8+ 24. Kg3 Rh6 25. Bf3 Be3 26. Qg4 Bd7 27. Rh1 Rah8 28.
Rh5 Bf2+ 29. Kg2 Be3 30. Rah1 Kf8 31. Rxh6 gxh6 32. Kf1 Rg8 33. Qh4 Bg5 34. Qf2
Qb8 35. Ng1 bxc4 36. dxc4 a4 37. Bd1 axb3 38. axb3 Qa8 39. Nh3 Qa1 40. Qe2 Qc1
41. Rg1 Be8 42. Qd3 Qd2 43. Qxd2 Bxd2 44. Rxg8+ Kxg8 45. Kg2 Kg7 46. Bf3 Kf6
47. Kf2 Bf7 48. Ke2 Bc1 49. Kd3 Ba3 50. Kc3 Bc5 51. Be2 d5 52. Kd3 dxe4+ 53.
Kxe4 Be8 54. Bd3 Bd7 55. Kf3 Bxf5 56. Nf2 Bxf2 57. Bxf5 Kxf5 58. Kxf2 Ke4 59.
b4 Kd4 60. b5 cxb5 61. cxb5 Kc5 62. b6 Kxb6 63. Ke3 Kc6 64. Ke4 Kd6 0-1

[Event "February TNT"]
[Site "Winnipeg CAN"]
[Date "2016.02.23"]
[Round "4.4"]
[White "Skop, Mike"]
[Black "Russo, Max"]
[Result "0-1"]
[WhiteElo "1567"]
[BlackElo "1479"]
[PlyCount "72"]
[EventDate "2016.02.02"]
[EventType "swiss"]
[EventRounds "4"]
[EventCountry "CAN"]

1. e4 d5 2. d4 dxe4 3. f3 Nf6 4. Bg5 e6 5. fxe4 Be7 6. Bxf6 Bxf6 7. e5 Bh4+ 8.
g3 Be7 9. Bg2 c5 10. c3 O-O 11. Ne2 Bd7 12. Bxb7 Bc6 13. Bxa8 Bxa8 14. Rf1 Nc6
15. Na3 cxd4 16. Nxd4 Nxe5 17. Qe2 Bxa3 18. bxa3 Ng6 19. Kf2 Qd5 20. Nf3 Qc5+
21. Qe3 Qxa3 22. Rad1 Qxa2+ 23. Rd2 Qa5 24. Rfd1 h6 25. Qd4 Bxf3 26. Kxf3 Qf5+
27. Kg2 e5 28. Qe3 a5 29. Rd8 Rxd8 30. Rxd8+ Kh7 31. Qe2 Qg5 32. Kh1 Qc1+ 33.
Rd1 Qxc3 34. Qd3 Qb2 35. Rb1 Qa2 36. Qb5 Qc2 0-1

[Event "February TNT"]
[Site "Winnipeg CAN"]
[Date "2016.02.23"]
[Round "4.4"]
[White "Valentino, Marcos"]
[Black "Wiebe, Isaac"]
[Result "1-0"]
[WhiteElo "2192"]
[BlackElo "2220"]
[PlyCount "125"]
[EventDate "2016.02.02"]
[EventType "swiss"]
[EventRounds "4"]
[EventCountry "CAN"]

1. Nf3 Nf6 2. c4 g6 3. g3 Bg7 4. Bg2 O-O 5. O-O c6 6. Nc3 d5 7. cxd5 cxd5 8. d4
Nc6 9. Ne5 Nxe5 10. dxe5 Ng4 11. Qxd5 Nxe5 12. Rd1 Qxd5 13. Nxd5 Nc6 14. Rb1
Be6 15. Be3 Rfd8 16. b4 Bxd5 17. Bxd5 e6 18. Bxc6 bxc6 19. Rxd8+ Rxd8 20. Rc1
Bf8 21. a3 Rc8 22. Bxa7 Ra8 23. Bc5 Rxa3 24. Bxf8 Kxf8 25. Rxc6 Rb3 26. Rc4 Ke7
27. Kg2 Kd6 28. e3 e5 29. e4 f5 30. exf5 gxf5 31. Rh4 e4 32. Rh6+ Ke5 33. Rxh7
Rxb4 34. Rh6 Rb2 35. Rh8 Kf6 36. Rf8+ Kg6 37. g4 fxg4 38. Kg3 Rb3+ 39. Kxg4 e3
40. f4 Rb2 41. h3 Rg2+ 42. Kf3 Rh2 43. Kg3 Ra2 44. Re8 e2 45. h4 Kf5 46. Re5+
Kf6 47. Kg4 Kf7 48. Kf3 Ra3+ 49. Kg4 Ra2 50. Kf3 Ra3+ 51. Kg4 Kf6 52. Rxe2 Ra1
53. Rg2 Rh1 54. h5 Rf1 55. Rg3 Rh1 56. f5 Rf1 57. h6 Rh1 58. Rh3 Rg1+ 59. Kf3
Rg8 60. h7 Rh8 61. Kf4 Kg7 62. Kg5 Kf7 63. f6 1-0

[Event "February TNT"]
[Site "Winnipeg CAN"]
[Date "2016.02.23"]
[Round "4.4"]
[White "Wolchock, Theo"]
[Black "Green, Jim"]
[Result "1-0"]
[WhiteElo "1950"]
[BlackElo "1855"]
[PlyCount "71"]
[EventDate "2016.02.02"]
[EventType "swiss"]
[EventRounds "4"]
[EventCountry "CAN"]

1. c4 b6 2. g3 Bb7 3. Nf3 e6 4. Bg2 f5 5. O-O Nf6 6. Nc3 Be7 7. d4 O-O 8. d5
exd5 9. Nxd5 Nxd5 10. cxd5 Bf6 11. Nd4 g6 12. Bf4 Na6 13. Rc1 Bxd4 14. Qxd4 d6
15. Bh6 Qf6 16. Qd2 Rfe8 17. Rfe1 Rac8 18. b4 Nb8 19. e4 Nd7 20. exf5 Rxe1+ 21.
Rxe1 Qxf5 22. Be4 Qf7 23. Bg2 Re8 24. Rxe8+ Qxe8 25. Bh3 Nf8 26. Bxf8 Kxf8 27.
Qh6+ Kg8 28. Be6+ Kh8 29. Qg5 Qf8 30. h4 Ba6 31. h5 gxh5 32. f4 Bd3 33. f5 h4
34. f6 hxg3 35. f7 Bg6 36. Qf6+ 1-0

[Event "Gatineau op"]
[Site "Gatineau CAN"]
[Date "2016.03.04"]
[Round "1"]
[White "Gordon, David"]
[Black "Miller, Rachel"]
[Result "1-0"]
[WhiteElo "2310"]
[BlackElo "2018"]
[PlyCount "127"]
[EventDate "2016.03.04"]
[EventType "swiss"]
[EventRounds "5"]
[EventCountry "CAN"]

1. d4 Nf6 2. Bg5 Ne4 3. Bf4 c5 4. f3 Qa5+ 5. c3 Nf6 6. Nd2 cxd4 7. Nb3 Qb6 8.
Qxd4 Nc6 9. Qxb6 axb6 10. Nd4 Nxd4 11. cxd4 Nd5 12. Bd2 e6 13. Rc1 Nb4 14. a3
Nc6 15. e3 d5 16. Bd3 Bd7 17. Ne2 Na5 18. Bc3 Bd6 19. e4 b5 20. e5 Be7 21. Bxa5
Rxa5 22. Kf2 Bc6 23. Ra1 O-O 24. b4 Ra7 25. Rhb1 Rfa8 26. Rb3 Ra4 27. Nc3 Rxb4
28. axb4 Rxa1 29. Bxb5 Bxb5 30. Nxb5 Ra4 31. Nd6 Bxd6 32. exd6 Kf8 33. Rc3 Ke8
34. Rc8+ Kd7 35. Rc7+ Kxd6 36. Rxb7 Ra2+ 37. Kg3 Rd2 38. Rxf7 Rxd4 39. Rxg7
Rxb4 40. Rxh7 Rb2 41. Rh8 d4 42. Rd8+ Ke5 43. h4 Rb7 44. h5 Rg7+ 45. Kf2 Rh7
46. g4 Rg7 47. Kg3 Rh7 48. Kh4 Kf4 49. Rxd4+ Kxf3 50. g5 e5 51. Rg4 e4 52. g6
Rg7 53. h6 Rg8 54. g7 e3 55. h7 e2 56. Rg3+ Kf2 57. hxg8=Q e1=Q 58. Qf7+ Ke2
59. Qe6+ Kd2 60. Qxe1+ Kxe1 61. Rg2 Kf1 62. g8=Q Ke1 63. Qf7 Kd1 64. Qf1# 1-0

[Event "Gatineau op"]
[Site "Gatineau CAN"]
[Date "2016.03.04"]
[Round "1"]
[White "Simic, Dusan"]
[Black "Desjardins, Michel"]
[Result "1/2-1/2"]
[WhiteElo "2193"]
[BlackElo "1910"]
[PlyCount "75"]
[EventDate "2016.03.04"]
[EventType "swiss"]
[EventRounds "5"]
[EventCountry "CAN"]

1. e4 d5 2. exd5 Qxd5 3. Nc3 Qd6 4. d4 Nf6 5. Nf3 c6 6. Be2 Bf5 7. Bg5 Nbd7 8.
Qd2 e6 9. O-O Qc7 10. Bf4 Bd6 11. Bxd6 Qxd6 12. Rfd1 h6 13. a4 a5 14. Ne1 O-O
15. Bf3 Nb6 16. b3 Rfd8 17. Qe2 Nbd5 18. Nxd5 Nxd5 19. Bxd5 Qxd5 20. c4 Qe4 21.
Qxe4 Bxe4 22. f3 Bg6 23. Rd2 Rd7 24. Rad1 Rad8 25. Kf2 c5 26. Ke3 b6 27. g4 Kf8
28. f4 cxd4+ 29. Rxd4 Ke7 30. R1d2 Rxd4 31. Rxd4 Rxd4 32. Kxd4 Kd6 33. Ng2 f6
34. Ne3 e5+ 35. fxe5+ fxe5+ 36. Kc3 Kc5 37. Nd5 Bf7 38. Ne3 1/2-1/2

[Event "Gatineau op"]
[Site "Gatineau CAN"]
[Date "2016.03.05"]
[Round "2"]
[White "Brassard, Sylvain"]
[Black "Yao, Sammy"]
[Result "0-1"]
[WhiteElo "1870"]
[BlackElo "2028"]
[PlyCount "80"]
[EventDate "2016.03.04"]
[EventType "swiss"]
[EventRounds "5"]
[EventCountry "CAN"]

1. d4 Nf6 2. Bg5 c5 3. Bxf6 gxf6 4. c3 Qb6 5. Qc2 f5 6. e3 d6 7. Nf3 Rg8 8. g3
Nd7 9. Nbd2 Nf6 10. Qb3 Be6 11. Bb5+ Kd8 12. Bc4 d5 13. Qxb6+ axb6 14. Bb3 c4
15. Bc2 Ne4 16. O-O Bh6 17. Rfe1 f6 18. a3 Bf7 19. Nf1 Bh5 20. N3d2 e6 21. Bd1
Bxd1 22. Raxd1 Kd7 23. f4 Bf8 24. Nxe4 fxe4 25. Nd2 Bd6 26. Kf2 Rg6 27. Rg1 Rh6
28. Rh1 Rg8 29. h3 Rhg6 30. Rdg1 e5 31. dxe5 fxe5 32. Nf1 Ke6 33. Nh2 h5 34.
Nf1 Be7 35. Nd2 b5 36. Nf1 exf4 37. exf4 Bc5+ 38. Ne3 Bxe3+ 39. Kxe3 Rxg3+ 40.
Kf2 Rxg1 0-1

[Event "Gatineau op"]
[Site "Gatineau CAN"]
[Date "2016.03.05"]
[Round "2"]
[White "Davies, Alex"]
[Black "Johnson, Nicholas"]
[Result "1-0"]
[WhiteElo "2259"]
[BlackElo "1800"]
[PlyCount "65"]
[EventDate "2016.03.04"]
[EventType "swiss"]
[EventRounds "5"]
[EventCountry "CAN"]

1. e4 e6 2. d4 d5 3. Nc3 Bb4 4. Nge2 dxe4 5. a3 Be7 6. Nxe4 Nf6 7. Nxf6+ Bxf6
8. c3 b6 9. Be3 Bb7 10. Nf4 Nd7 11. Nh5 O-O 12. Bd3 e5 13. O-O exd4 14. cxd4
Re8 15. Qg4 Nf8 16. Rfd1 Ng6 17. Rac1 Be7 18. Bb5 Rf8 19. Bf4 Bd6 20. Bxd6 Qxd6
21. Qd7 Rac8 22. Qxd6 cxd6 23. Bd7 Rcd8 24. Rc7 Bc8 25. Bxc8 Rxc8 26. Rdc1 Ne7
27. g3 Rxc7 28. Rxc7 Nc8 29. f3 h6 30. Kf2 Kh7 31. Nf4 g5 32. Nd5 Kg6 33. Rxc8
1-0